000 00673nam a2200205 i 4500
001 120950
003 ES-MaACL
005 20230906191645.0
007 t|
008 070214s1954 sp f |||| |dspa d
100 1 _aPompey, Francisco.
_992936
245 1 4 _aLos escultores contemporáneos en España /
_cpor Francisco Pompey.
260 _aMadrid :
_bPublicaciones Españolas,
_c1954.
300 _a28 p., [4] p. de lám. ;
_c24 cm.
490 1 _aTemas españoles ;
_v113
650 4 _aEscultura española-
_yS.XX.
_912436
830 0 _aTemas españoles ;
_v113
_9178712
852 _aES-MaACL
_j1966-F-10
_z. - Dedicatoria autógrafa del autor
999 _c120950
_d120950